| 000 | 01229nam a2200241Ia 4500 | ||
|---|---|---|---|
| 999 |
_c55986 _d55986 |
||
| 001 | 23085 | ||
| 003 | GE_BSU | ||
| 005 | 20230619170826.0 | ||
| 008 | 181216s1983ge xx |||||||||||||| ||geo|| | ||
| 040 | _cGE_BSU | ||
| 041 | _ageo | ||
| 080 | _a821.14'01-1ე-52 | ||
| 245 |
_aელადის მუზა : _bბერძენი პოეტები / _cრედ. ს. ყაუხჩიშვილი., მთარგმ. რ. მიმინოშვილი ; ილ.ე.ბერძენიშვილი |
||
| 264 |
_aთბილისი : _bნაკადული, _c1963. |
||
| 300 |
_a333გვ . : _bილ. ; _c 22 სმ. |
||
| 653 | _aბერძნული კულტურა | ||
| 653 | _aელადის მუზა : ბერძენი პოეტები | ||
| 653 | _aეპოსი; ლირიკა; დრამა; ბერძნული ნაკვესები | ||
| 700 |
_aყაუხჩიშვილი, ს _eრედაქტორი _918812 |
||
| 700 |
_aმიმინოშვილი , რ _eმთარგმნელი _918813 |
||
| 700 |
_aბერძენიშვილი, ე _eილუსტრატორი _94820 |
||
| 942 |
_cBK _2udc |
||